| 000 | 00774nam a2200241Ia 4500 | ||
|---|---|---|---|
| 999 |
_c55667 _d55667 |
||
| 001 | 22762 | ||
| 003 | GE_BSU | ||
| 005 | 20220527131858.0 | ||
| 008 | 181216s2016||||gw |||||||||||||| ||gem|| | ||
| 020 | _a9783825244545 | ||
| 040 | _cGE_BSU | ||
| 041 | _agem | ||
| 080 | _a811.112.1 K-13 | ||
| 100 |
_aKadric, Mira _913858 |
||
| 245 |
_aBerufsziel Übersetzen und Dolmetschen : _bGrundlagen, Ausbildung, Arbeitsfelder / _cMira Kadric, Klaus Kaindl. |
||
| 264 |
_aTubingen : _bFrancke Verlag, _c2016. |
||
| 300 |
_a340 p.; _b22 cm. |
||
| 653 | _aBerufsziel Übersetzen und Dolmetschen : Grundlagen, Ausbildung, Arbeitsfelder | ||
| 653 | _aПеревод | ||
| 653 | _aთარგმანი | ||
| 700 |
_aKaindl, Klaus _eავტორი _913859 |
||
| 942 |
_cBK _2udc |
||